ბათუმის შოთა რუსთაველის სახელმწიფო უნივერსიტეტის ბიბლიოთეკა

Геометрическая алгебра. (ბიბ.ჩანაწერი № 47960)

000 -LEADER
fixed length control field 00591nam a2200205Ia 4500
001 - CONTROL NUMBER
control field 14837
003 - CONTROL NUMBER IDENTIFIER
control field GE_BSU
008 - FIXED-LENGTH DATA ELEMENTS--GENERAL INFORMATION
fixed length control field 181216s||||||||xx |||||||||||||| ||und||
040 ## - CATALOGING SOURCE
Transcribing agency GE_BSU
080 ## - UNIVERSAL DECIMAL CLASSIFICATION NUMBER
Universal Decimal Classification number 514.14
100 ## - MAIN ENTRY--PERSONAL NAME
Personal name Артин, Э.
245 ## - TITLE STATEMENT
Title Геометрическая алгебра.
245 ## - TITLE STATEMENT
Remainder of title под ред. Л.А. Калужнина. пер. с английского В.М. Котлова.
260 ## - PUBLICATION, DISTRIBUTION, ETC.
Place of publication, distribution, etc. Москва
260 ## - PUBLICATION, DISTRIBUTION, ETC.
Name of publisher, distributor, etc. Наука.
260 ## - PUBLICATION, DISTRIBUTION, ETC.
Date of publication, distribution, etc. 1969
300 ## - PHYSICAL DESCRIPTION
Extent 283стр.20см.
653 ## - INDEX TERM--UNCONTROLLED
Uncontrolled term Геометрическая алгебра.
942 ## - ADDED ENTRY ELEMENTS (KOHA)
Koha item type წიგნი
ეგზემპლარები
Withdrawn status Lost status Damaged status Not for loan Date acquired Barcode Date last seen Price effective from Koha item type
        2018-12-17 15764 2018-12-17 2018-12-17 წიგნი
        2018-12-17 15723 2018-12-17 2018-12-17 წიგნი
        2018-12-17 15134 2018-12-17 2018-12-17 წიგნი
        2018-12-17 17726 2018-12-17 2018-12-17 წიგნი
        2018-12-17 17755 2018-12-17 2018-12-17 წიგნი